NASCAR Cup Series Championship 4 Drivers - Statistics

General Stats
  • This quiz has been taken 1,771 times
    382 since last reset
  • The average score is 44 of 48
Answer Stats
Year % Correct
Denny Hamlin
98%
Denny Hamlin
98%
Denny Hamlin
98%
Denny Hamlin
98%
2025 Denny Hamlin
98%
Joey Logano
98%
Joey Logano
98%
2018 Joey Logano
98%
2020 Joey Logano
98%
2022 Joey Logano
98%
2024 Joey Logano
98%
2021 Kyle Larson
98%
2023 Kyle Larson
98%
Kyle Larson
98%
2015 Kyle Busch
96%
Kyle Busch
96%
Kyle Busch
96%
Kyle Busch
96%
2019 Kyle Busch
96%
Chase Elliott
95%
Chase Elliott
95%
Chase Elliott
95%
Ryan Blaney
94%
Ryan Blaney
94%
William Byron
93%
William Byron
93%
William Byron
93%
2016 Jimmie Johnson
89%
Martin Truex, Jr.
89%
2017 Martin Truex, Jr.
89%
Martin Truex, Jr.
89%
Martin Truex, Jr.
89%
Martin Truex, Jr.
89%
2014 Kevin Harvick
87%
Kevin Harvick
87%
Kevin Harvick
87%
Kevin Harvick
87%
Kevin Harvick
87%
Chase Briscoe
85%
Christopher Bell
85%
Christopher Bell
85%
Jeff Gordon
83%
Brad Keselowski
82%
Brad Keselowski
82%
Ross Chastain
81%
Tyler Reddick
73%
Carl Edwards
71%
Ryan Newman
61%
No matching quizzes found
Score Distribution
Percent of People with Each Score
Percentile by Number Answered
Your Score History
You have not taken this quiz since the last reset